Szczegóły MARC21

Duden : Aussprachewörterbuch : Wörterbuch der deutschen Standardaussprache /

003 -Nazwa inst., której nr kontr. jest w polu 001 [,]
    • @
    • Nazwa instytucji, której n kontrolny jest w polu 001
    • NUKAT
005 -DATA I CZAS OSTATNIEJ MODYFIKACJI [,]
    • @
    • pole kontrolne
    • 20241231092311.0
020 -Międzynarod. znormalizowany nr książki - ISBN [ , ]
    • a
    • Numer ISBN
    • 341120916X Find
040 -Instytucja sporządzająca opis [ , ]
    • a
    • Instytucja, która sporządziła opis (NP)
    • WA U/70MST
    • c
    • Instytucja, która sporządziła rekord (NP)
    • WA U/MST
    • d
    • Instytucja, która zmodyfikowała rekord (P)
    • WA U/AO
    • d
    • Instytucja, która zmodyfikowała rekord (P)
    • GD U/DC
    • d
    • Instytucja, która zmodyfikowała rekord (P)
    • KR U/JAKs
    • d
    • Instytucja, która zmodyfikowała rekord (P)
    • WA U/70AO
942 -Rodzaj dokumentu [ , ]
    • c
    • Rodzaj dokumentu
    • Książka
245 -Strefa tytułu i oznaczenia odpowiedzialności [0,0]
    • a
    • Tytuł
    • Duden : Find
    • b
    • Ciąg dalszy tytułu (NP)
    • Aussprachewörterbuch : Wörterbuch der deutschen Standardaussprache / Find
    • c
    • Pozostałe elementy strefy tytułu i oznaczenia odpowiedzialności (NP)
    • bearb. von Max Mangold in Zusarb. mit der Dudenred.
246 -Wariant tytułu [1,3]
    • a
    • Tytuł (NP)
    • Aussprachewörterbuch : Wörterbuch der deutschen Standardaussprache
250 -Strefa wydania [ , ]
    • a
    • Oznaczenie wydania (NP)
    • 3., völllig neu bearb. und erw. Aufl.
260 -Strefa adresu wydawniczego [ , ]
    • a
    • Miejsce wydania (P)
    • Mannheim :
    • b
    • Nazwa wydawcy (P)
    • Dudenverlag,
    • c
    • Data wydania (P)
    • 1990.
300 -Strefa opisu fizycznego [ , ]
    • a
    • Określenie formy książki i/lub objętość (NP)
    • 794, [5] s. ;
    • c
    • Format (NP)
    • 20 cm.
336 -Typ zawartości [ , ]
    • a
    • Termin opisujący typ zawartości
    • Tekst
    • b
    • Kod określający zawartość
    • txt
    • 2
    • Źródło (terminu i kodu)
    • rdacontent
337 -Typ mediów [ , ]
    • a
    • Tryb odtwarzania
    • Bez urządzenia pośredniczącego
    • b
    • Kod typu mediów
    • n
    • 2
    • Źródło (terminu i kodu)
    • rdamedia
338 -Typ/rodzaj nośnika [ , ]
    • a
    • Hasło opisujące typ nośnika
    • Wolumin
    • b
    • Kod typu nośnika
    • nc
    • 2
    • Źródło (terminu i kodu)
    • rdacarrier
490 -Strefa serii i książki wielotomowej - forma nie do wyszukiwania [1, ]
    • a
    • Tytuł (P)
    • Der Duden in 10 Bänden : das Standardwerk zur deutschen Sprache / hrsg. vom Wissenschaftlichen Rat der Dudenredaktion: Günther Drosdowski [et al.] ; Find
    • v
    • Numeracja (P)
    • Bd. 6
830 -Hasło dodatkowe serii i opisu książki wielotomowej - tytuł ujednolicony/tytuł [ ,0]
    • a
    • Tytuł ujednolicony/tytuł (NP)
    • Duden in 10 Bänden
    • v
    • Oznaczenie tomu (NP)
    • Bd. 6
    • 9
    • KHW
    • 428828
504 -Uwaga dot. bibliogr. załącznikowej [ , ]
    • a
    • Uwaga dot. bibliografii załącznikowej
    • Bibliogr. s. [795-796].
080 -Uniwersalna Klasyfikacja Dziesiętna [ , ]
    • a
    • Symbol klasyfikacji
    • 803.0(03)=30
650 -Hasło przedmiotowe [ ,7]
    • a
    • Hasło przedmiotowe
    • Język niemiecki
    • x
    • Określnik rzeczowy
    • wymowa
    • v
    • Określnik formalny
    • słowniki.
    • 2
    • Źródło terminu
    • kaba
    • 9
    • KHW
    • 480891
980 -Symbol UKD [ , ]
    • a
    • UKD
    • 803.0(03)=30
700 -Hasło dodatkowe - nazwa osobowa [1, ]
    • a
    • Nazwa osobowa (NP)
    • Mangold, Max Find
    • d
    • Daty biograficzne (NP)
    • (1922-2015).
    • e
    • Określenie rodzaju współpracy
    • Oprac.
    • 9
    • KHW
    • 480720
710 -Hasło dodatkowe - nazwa ciała zbiorowego [2, ]
    • a
    • Nazwa ciała zbiorowego lub nazwa geograficzna jako pierwszy element (NP)
    • Bibliographisches Institut (Mannheim).
    • b
    • Nazwa jednostki podrzędnej (P)
    • Dudenredaktion.
    • 4
    • Kod relacji
    • pbl
    • 9
    • KHW
    • 404713
920 -ISBN [ , ]
    • a
    • ISBN
    • 3-411-20916-X Find
Sygnatura Numer inwentarzowy Status udost. Lokalizacja Data inwentaryzacji
Germ. Słowniki specj. 07G.14758-3BM1998-09-24